| 000 | 00614nam a22001695i 4500 | ||
|---|---|---|---|
| 001 | 158768 | ||
| 003 | ES-MaACL | ||
| 005 | 20230906211315.0 | ||
| 008 | 940202s1881 sp |||| | spa d | ||
| 040 |
_aPAB _bspa |
||
| 100 | 1 |
_aMarín y Carbonell, Valentín. _9129680 |
|
| 245 | 1 | 0 |
_aPoesías líricas / _cValentín Marín Carbonell ; con un prólogo de Baldomero Mediano y Ruiz. |
| 260 |
_aZaragoza : _b[s.n.], _c1881 ( _fImp. Hospicio Provincial) |
||
| 300 |
_aXX, 816 p. ; _c22 cm. |
||
| 700 | 2 | 1 |
_aMediano y Ruiz, Valdomero, _eprol. _9129783 |
| 852 |
_aES-MaACL _jG-10868 _z-- Enc. hol. _x-- Edic.: XX, 818 p. |
||
| 999 |
_c158768 _d158768 |
||